00716nam a2200241 a 4500001001300000003000900013005001700022008004100039020001000080082001600090100003100106245005100137260003300188300001000221500003500231505001000266650001800276700003100294902000800325942000700333952011700340999001700457nice12345678IN_TiNIC20260116013326.0050524s1988 dela grp 000 0 urd  ac15000a297.09bSID aSiddiqi, Mohammad Y Mazhar aAhde Nabavi Mein Tanzeem-E-Riyasat-O-Hukoomat. aDelhibQazi Publishersc1988 a749p. aincludes index and biblioraphy2 aIndex aIslam-History1 aSiddiqi, Mohammad Y Mazhar bSRS cBK 001040708StackRoom-aHMIbHMId2007-07-25g150.00l0o297.09 SIDp015461r2007-07-25v150.00w2005-05-24yBK c10565d10565